[Event "Aarhus Chess House Summer op"]
[Site "Aarhus"]
[Date "2017.06.27"]
[Round "3"]
[White "Madsen, Daniel Jhaf"]
[Black "Lauridsen, Benny"]
[Result "0-1"]
[WhiteElo "1573"]
[BlackElo "2059"]
[PlyCount "132"]
[EventDate "2017.06.25"]
[EventType "swiss"]
[EventRounds "7"]
[EventCountry "DEN"]
[SourceTitle "EXT 2018"]
[Source "ChessBase"]
[SourceDate "2017.10.13"]
[SourceVersion "1"]
[SourceVersionDate "2017.10.13"]
[SourceQuality "1"]

1. e4 e6 2. d4 d5 3. Nc3 dxe4 4. Nxe4 Bd7 5. Nf3 Bc6 6. Nc3 Nd7 7. Bb5 Bxb5 8. Nxb5 c6 9. Nc3 Ngf6 10. a3 Qc7 11. Bg5 Be7 12. Qd2 h6 13. Bf4 Bd6 14. Bxd6 Qxd6 15. 0-0 0-0 16. Rfe1 Rad8 17. Qe2 a6 18. Rad1 Rfe8 19. Ne5 Nf8 20. Ne4 Nxe4 21. Qxe4 Qd5 22. Qxd5 cxd5 23. Rd3 Rc8 24. Re2 Rc7 25. c3 f6 26. Nf3 Ng6 27. g3 Kf7 28. Rde3 Nf8 29. Nh4 Rb8 30. Ng2 g5 31. f4 a5 32. fxg5 hxg5 33. h4 b5 34. hxg5 fxg5 35. Re5 Kg6 36. Ne1 b4 37. axb4 axb4 38. Rc2 bxc3 39. bxc3 Rb1 40. Kf2 Rb3 41. Re3 Rc6 42. Nd3 Nd7 43. Kf3 Kf6 44. Nf2 Kf5 45. g4+ Kf6 46. Nd1 e5 47. Rf2 e4+ 48. Kg2+ Kg6 49. Rh3 Nb6 50. Rf5 Rf6 51. Rxf6+ Kxf6 52. Rh6+ Kg7 53. Rh5 Kg6 54. Rh8 Nc4 55. Rd8 Rb1 56. Nf2 Rc1 57. Kg3 Rxc3+ 58. Kg2 Rf3 59. Rxd5 Ne3+ 60. Kg1 Nxd5 61. Nxe4 Rf4 62. Nf2 Rxd4 63. Kh2 Rd2 64. Kg3 Nf4 65. Kf3 Ra2 66. Kg3 Rxf2 0-1

[Event "DEN-ch Kort1 C"]
[Site "Skorping"]
[Date "2017.04.08"]
[Round "1"]
[White "Madsen, Daniel Jhaf"]
[Black "Dam, Lis K"]
[Result "1-0"]
[WhiteElo "1250"]
[BlackElo "1258"]
[PlyCount "51"]
[EventDate "2017.04.08"]
[EventType "swiss"]
[EventRounds "5"]
[EventCountry "DEN"]
[SourceTitle "EXT 2023"]
[Source "ChessBase"]
[SourceDate "2022.10.05"]
[SourceVersion "1"]
[SourceVersionDate "2022.10.05"]
[SourceQuality "1"]

1. e4 e5 2. f4 exf4 3. Nf3 d6 4. d4 Qe7 5. Nc3 a6 6. Bxf4 Nf6 7. Bg5 h6 8. Bxf6 Qxf6 9. Bc4 Qd8 10. 0-0 Be7 11. Nd5 Be6 12. Nd2 Bg5 13. Qe2 c6 14. Ne3 Bxe3+ 15. Qxe3 Bxc4 16. Nxc4 0-0 17. d5 Qg5 18. Qxg5 hxg5 19. Nxd6 cxd5 20. exd5 Rd8 21. Nf5 Rxd5 22. Ne7+ Kh7 23. Nxd5 f6 24. c4 Nc6 25. Rfe1 Rd8 26. Rad1 1-0